00493nam a2200193 4500003000400000005001700004008004100021040002300062050001700085100003000102245001600132264003200148300001700180336002200197337002400219338002400243942001500267999001700282OSt20260530113922.0260520b |||||||| |||| 00| 0 spa d aICIbspacICIerda aNK1390b.A15 1aa! Diseñoeautor934756 aa! Diseño aMéxicoba! Diseñoc2004 a96 páginas 2rdacontentatexto 2rdamediaasin medio 2rdacarrieravolumen 2lccn1cBK c12493d12493